Normal view
MARC view
- Dhruv Raj Bagri
Entry Personal Name
001 - CONTROL NUMBER
- control field: 4971
003 - CONTROL NUMBER IDENTIFIER
- control field: OSt
005 - DATE AND TIME OF LATEST TRANSACTION
- control field: 20210906153656.0
008 - FIXED-LENGTH DATA ELEMENTS
- fixed length control field: 210906|| aca||aabn | a|a d
040 ## - CATALOGING SOURCE
- Original cataloging agency: OSt
- Transcribing agency: OSt
100 ## - HEADING--PERSONAL NAME
- Personal name: Dhruv Raj Bagri
670 ## - SOURCE DATA FOUND
- Source citation: Work cat.: (OSt): Akshaya K A 4969, Comparison of unsaturated hydraulic conductivity of dfferent soils through inverse modelling using Hydrus-I D, 2021
